Performance and Perspective of Family Businesses within the Tourism Sector in Slovakia

Analýza pôsobenia SME v sektore služieb cestovného ruchu, najmä ubytovacích a keteringových. Analýza rodinných podnikov v cestovnom ruchu SR podľa odvetvia hospodárstva a podnikateľskej oblasti. Organizácia Family Firm Institute.

Gespeichert in:
Bibliographische Detailangaben
1. Verfasser: Krošláková, Monika, 1975-
Weitere Verfasser: Mečiar, Radoslava
Format: Buchkapitel
Sprache:Englisch
Schlagworte:
Tags: Tag hinzufügen
Keine Tags, Fügen Sie das erste Tag hinzu!

MARC

LEADER 00000naa a2200000 4500
001 0208579
005 20240502083521.4
041 0 |a eng 
044 |a UA 
245 1 0 |a Performance and Perspective of Family Businesses within the Tourism Sector in Slovakia  |c Monika Krošláková, Radoslava Mečiar 
520 |a Analýza pôsobenia SME v sektore služieb cestovného ruchu, najmä ubytovacích a keteringových. Analýza rodinných podnikov v cestovnom ruchu SR podľa odvetvia hospodárstva a podnikateľskej oblasti. Organizácia Family Firm Institute. 
610 2 0 |a sektor terciárny 
610 2 0 |a ruch cestovný 
610 2 0 |a podnik ruchu cestovného 
610 2 0 |a podnik rodinný 
100 1 |a Krošláková, Monika, 1975- 
700 1 |a Mečiar, Radoslava